মরসুমী ফুল ও সবজী বাগান / (Record no. 7650)
[ view plain ]
| 000 -LEADER | |
|---|---|
| fixed length control field | 00732nam a22002177a 4500 |
| 001 - CONTROL NUMBER | |
| JCCL Control Number | 7650 |
| 003 - CONTROL NUMBER IDENTIFIER | |
| JCCL marc code | BD-JhCC |
| 005 - DATE AND TIME OF LATEST TRANSACTION | |
| control field | 20180417083349.0 |
| 008 - FIXED-LENGTH DATA ELEMENTS--GENERAL INFORMATION | |
| fixed length control field | 180212s1987 ao||| |||| 00| 0 d |
| 035 ## - SYSTEM CONTROL NUMBER | |
| system control number | (BD-JhCC)7650 |
| 040 ## - CATALOGING SOURCE | |
| Original cataloging agency | BD-JhCC |
| Modifying agency | BD-JhCC |
| 041 ## - LANGUAGE CODE | |
| Language code of Book | ben |
| 082 ## - DEWEY DECIMAL CLASSIFICATION NUMBER | |
| Classification number | 635.9 |
| Author mark and Year | MON 1987 |
| 100 ## - MAIN ENTRY--PERSONAL NAME | |
| Personal name | মনিরুজ্জামান, এফ. এম. |
| 245 ## - TITLE STATEMENT | |
| Title | মরসুমী ফুল ও সবজী বাগান / |
| Statement of responsibility, etc | এফ. এম. মনিরুজ্জামান |
| 260 ## - PUBLICATION, DISTRIBUTION, ETC. (IMPRINT) | |
| Place of publication, distribution, etc | ঢাকা : |
| Name of publisher, distributor, etc | বাংলা একাডমী, |
| Date of publication, distribution, etc | ১৯৮৭. |
| 300 ## - PHYSICAL DESCRIPTION | |
| Pagination | ২০৩ পৃ. : |
| Other physical details | ill.; |
| Dimensions | ২২ সেমি. |
| 650 ## - SUBJECT ADDED ENTRY--TOPICAL TERM | |
| Topical term or geographic name as entry element | Vegetable Garden |
| General subdivision | Cultivation |
| 942 ## - ADDED ENTRY ELEMENTS (KOHA) | |
| Source of classification or shelving scheme | Dewey Decimal Classification |
| Koha item type | Books |
| Source of classification or shelving scheme | Damaged status | Not for loan | Home library | Current library | Shelving location | Date of accession | Cost, normal purchase price | Total Checkouts | Full call number | Barcode | Date last seen | Copy number | Koha item type |
|---|---|---|---|---|---|---|---|---|---|---|---|---|---|
| Dewey Decimal Classification | JCC Rouf Library | JCC Rouf Library | General Stacks | 02/12/2018 | 76.00 | 635.9 MON 1987 | 10192 | 02/12/2018 | C-1 | Books |